Telekomunikačná služba pre integrovanú telekomunikačnú a dátovú sieť na báze technológie inteligentných sietí

Gespeichert in:
Bibliographische Detailangaben
1. Verfasser: Mikóczy, Eugen, 1977- (Verfasst von)
Weitere Verfasser: Podhradský, Pavol, 1943- (Betreuung Doktorarbeit)
Format: Manuskript Buch
Sprache:Slowakisch
Veröffentlicht: Bratislava : STU v Bratislave FEI, 2002
Schlagworte:
Tags: Tag hinzufügen
Keine Tags, Fügen Sie das erste Tag hinzu!

MARC

LEADER 00000ntm a22000003a 4500
001 stu76209
005 20160719164756.2
008 020620s2002------------------------slo-d
040 |a STU  |b slo 
041 0 |a slo 
100 1 |a Mikóczy, Eugen,  |d 1977-  |4 aut  |X 3138  |7 A000003138 
245 1 |a Telekomunikačná služba pre integrovanú telekomunikačnú a dátovú sieť na báze technológie inteligentných sietí 
260 |a Bratislava :  |b STU v Bratislave FEI,  |c 2002 
300 |a 88 s 
650 7 |a informatika  |2 stusub 
700 1 |a Podhradský, Pavol,  |d 1943-  |4 ths  |u E240  |U FEI Fakulta elektrotechniky a informatiky  |T FEI Katedra telekomunikácií  |X 2148  |U E240  |Y 72  |7 A000002148